WWE Hall of Famer seit 1993 - Statistiken

Allgemein
  • Dieses Quiz wurde 246 mal gespielt
    245 seit der letzten Aktualisierung
  • Das Durchschnittsergebnis liegt bei 40 aus 198
Antwortstatistiken
Jahr Kategorie Name % Korrekt
Class of 2022 Wrestler The Undertaker
90%
Class of 2005 Wrestler "Hollywood" / Hulk Hogan
82%
Class of 2021 Wrestler Kane
77%
Class of 2011 Wrestler Shawn Michaels
75%
Class of 2008 Wrestler "Nature Boy" Ric Flair
73%
Class of 1993 Wrestler André the Giant
69%
Class of 2016 Legacy "Sailor" Art Thomas
66%
Class of 2009 Wrestler "Stone Cold" Steve Austin
66%
Class of 2006 Wrestler Bret "The Hitman" Hart
64%
Class of 2023 Wrestler Rey Mysterio
63%
Class of 2005 Manager Jimmy Hart
62%
Class of 2010 Wrestler Stu Hart
62%
Class of 2012 Wrestler Edge
61%
Class of 2014 Wrestler The Ultimate Warrior
59%
Class of 1996 Promoter Vincent J. McMahon
55%
Class of 2012 Wrestler Yokozuna
51%
Class of 2019 Stable / Tag Team D-Generation X
50%
Class of 2006 Wrestler Eddie Guerrero
50%
Class of 2015 Wrestler Randy Savage
50%
Class of 2005 Wrestler Bob Orton jr.
49%
Class of 2015 Wrestler Kevin Nash
47%
Class of 2017 Wrestler Kurt Angel
47%
Class of 2018 Wrestler Goldberg
46%
Class of 2018 Celebrity Kid Rock
45%
Class of 2014 Wrestlerin Lita
45%
Class of 2013 Wrestler Mick Foley
45%
Class of 2016 Wrestler Sting
45%
Class of 2013 Wrestlerin Trish Stratus
45%
Class of 2013 Wrestler Booker T
44%
Class of 1994 Wrestler "Nature Boy" Buddy Rhodes
44%
Class of 2007 Wrestler "The American Dream" Dusty Rhodes
44%
Class of 2013 Celebrity Donald Trump
41%
Class of 1994 Wrestler James Dudley
41%
Class of 2018 Wrestler Hillbily Jim
39%
Class of 2020 Wrestler John Layfield / JBL
38%
Class of 2014 Wrestler Razor Ramon
38%
Class of 2005 Wrestler "Rowdy" Roddy Piper
35%
Class of 2014 Wrestler Jake "The Snake" Roberts
34%
Class of 2007 Wrestler & Kommentator Jerry "The King" Lawler
33%
Class of 2018 Wrestler Mark Henry
33%
Class of 2014 Manager Paul Bearer
32%
Class of 2012 Celebrity Mike Tyson
31%
Class of 2013 Wrestler Bruno Sammartino
30%
Class of 2015 Wrestler Rikishi
30%
Class of 2007 Wrestler The Sheik
30%
Class of 2014 Celebrity Mr. T
29%
Class of 2020 Tag Team The Bella Twins
29%
Class of 2022 Tag Team Steiner Brothers
28%
Class of 2007 Kommentator Jim Ross
27%
Class of 2007 Wrestler "Mr. Perfect" Curt Hennig
27%
Class of 2020 Stable New World Order
27%
Class of 2010 Wrestler "The Million Dollar Man" Ted DiBiase
27%
Class of 2011 Wrestler Hacksaw Jim Duggan
26%
Class of 2008 Wrestler "Soulman" Rocky Johnson
26%
Class of 1994 | Class of 2013 Wrestler Bob Backlund
25%
Class of 1996 Wrestler Jimmy "Superfly" Snuka
24%
Class of 2004 Wrestker Sgt. Slaughter
24%
Class of 2022 Wrestler Vader
24%
Class of 2017 Wrestlerin Beth Phoenix
23%
Class of 2018 Tag Team Duddley Boyz
23%
Class of 2021 Manager Eric Bischoff
23%
Class of 2021 Wrestler Rob Van Dam
23%
Class of 2017 Wrestler Diamond Dallas Page
22%
Class of 2005 Wrestler The Iron Sheik
22%
Class of 2007 Manager Mr. Fuji
21%
Class of 2017 Wrestler Ravishing Rick Rude
21%
Class of 2021 Wrestler The Great Khali
21%
Class of 2016 Wrestler Big Boss Man
20%
Class of 2004 Manager Bobby "The Brain" Heenan
20%
Class of 2009 Wrestler Ricky "The Dragon" Steamboat
20%
Class of 2012 Wrestler Ron Simmons
20%
Class of 2016 Celebrity Snoop Dogg
20%
Class of 2023 Wrestlerin Stacy Keibler
20%
Class of 2012 Stable The Four Horseman
20%
Class of 2004 Wrestler Big John Studd
19%
Class of 2008 Wrestlerin Mae Young
19%
Class of 2015 Celebrity Arnold Schwarzenegger
18%
Class of 2019 Tag Team Harlem Heat
18%
Class of 2011 Tag Team & Manager The Doad Warriors - Hawk, Animal
18%
Class of 1995 Wrestler George "The Animal" Steele
17%
Class of 2018 Wrestler Jeff Jarrett
17%
Class of 2015 Tag Team The Bushwhackers
17%
Class of 2019 Tag Team The Hart Foundation
17%
Class of 2017 Manager Theodore Long
17%
Class of 2019 Wrestlerin Torrie Wilson
17%
Class of 2008 Wrestler "High Chief" Peter Maivia
16%
Class of 2006 Ringsprecher "Mean" Gene Okerlund
16%
Class of 2017 Legacy Dr. Jerry Graham
15%
Class of 2008 Wrestler Eddie Graham
15%
Class of 2021 Wrestlerin Molly Holly
15%
Class of 2004 Wrestler "Superstar" Billy Graham
15%
Class of 2007 Tag Team The Wild Samoans
15%
Class of 2009 Wrestler Koko B. Ware
14%
Class of 2009 Ringsprecher Howard Finkel
13%
Class of 2005 Wrestler "Mr. Wonderful" Paul Orndorff
13%
Class of 2004 Wrestler Jesse Ventura
12%
Class of 1996 Wrestler Pat Patterson
12%
Class of 2016 Wrestler The Godfather
12%
Class of 1994 Wrestler Gorilla Monsoon
11%
Class of 2006 Wrestler "Mr. USA" Tony Atlas
11%
Class of 2005 Wrestler Nikolai Volkoff
11%
Class of 2019 Wrestler Brutus Beefcake
10%
Class of 1996 Wrestler "Captain" Lou Albano
10%
Class of 2020 Wrestler Davey Boy Smith
10%
Class of 2004 Wrestler Greg "The Hammer" Valentine
10%
Class of 2004 Wrestler Harley Race
10%
Class of 2018 Wrestlerin Ivory
10%
Class of 2004 Prominenter Pete Rose
10%
Class of 2011 Managerin Sunny
10%
Class of 1995 Wrestlerin The Fabulous Moolah
10%
Class of 2019 Wrestler The Honky Tonk Man
10%
Class of 2004 Wrestler Tito Santana
10%
Class of 2015 Wrestlerin Alundra Blayze
9%
Class of 2004 Wrestler Don Muraco
9%
Class of 2004 Wrestler Junkyard Dog
9%
Class of 2006 Wrestlerin Sensational Sherri
9%
Class of 2022 Warrior Award Shad Gaspard
9%
Class of 2009 Stable The Von Erichs
9%
Class of 2020 Warrior Award Titus O'Neil
9%
Class of 2011 Wrestler Abdullah the Butcher
8%
Class of 2010 Wrestler Antonio Inoki
8%
Class of 2014 Wrestler Carlos Colón
8%
Class of 2010 Wrestler Gorgeous George
8%
Class of 2016 Wrestlerin Jacqueline
8%
Class of 2021 Celebrity Ozzy Osbourne
8%
Class of 1995 Wrestler Pedro Morales
8%
Class of 2018 Legacy Stan Stasiak
8%
Class of 2010 Wrestlerin Wendi Richter
8%
Class of 1994 Wrestler "Classy" Freddie Blassie
7%
Class of 2015 Warrior Award Connor Michalek
7%
Class of 2016 Legacy Lou Thesz
7%
Class of 2019 Legacy Luna Vachon
7%
Class of 2010 Wrestler Maurice "Mad Dog" Vachon
7%
Class of 2006 Tag Team The Blackjacks
7%
Class of 2006 Celebrity William "The Refrigerator" Perry
7%
Class of 2023 Celebrity Andy Kaufmann
6%
Class of 1995 Wrestler "Big Cat" Ernie Ladd
6%
Class of 2010 Celebrity Bob Uecker
6%
Class of 2019 Legacy Bruiser Brody
6%
Class of 2019 Legacy Buddy Rose
6%
Class of 2011 Wrestler "Bullet" Bob Armstrong
6%
Class of 2009 Wrestler "Cowboy" Bill Watts
6%
Class of 2011 Celebrity Drew Carey
6%
Class of 1995 Wrestler Ivan Putski
6%
Class of 2019 Legacy Jim Barnett
6%
Class of 1996 Wrestler Killer Kowalski
6%
Class of 2018 Legacy Lord Alfred Hayes
6%
Class of 2016 Legacy Mildred Burke
6%
Class of 2012 Wrestler Mil Máscaras
6%
Class of 2007 Wrestler Nick Bockwinkel
6%
Class of 2019 Legacy Primo Carnera
6%
Class of 2022 Manager Queen Sharmell
6%
Class of 2019 Legacy S.D. Jones
6%
Class of 2016 Wrestler Stan Hansen
6%
Class of 2015 Wrestler Tatsumi Fujinami
6%
Class of 2016 Stable The Fabulous Freebirds
6%
Class of 2009 Tag Team The Funks
6%
Class of 1995 Manager The Grand Wizard
6%
Class of 2023 Warrior Award / Referee Tim White
6%
Class of 2019 Legacy Wahoo McDaniel
6%
Class of 1995 Wrestler Antonio Rocca
5%
Class of 1996 Wrestler "Baron" Mikel Scicluna
5%
Class of 2017 Legacy Bearcat Wright
5%
Class of 2018 Legacy Boris Malenko
5%
Class of 1994 Wrestler Chief Jay Strongbow
5%
Class of 2018 Legacy Dara Singh
5%
Class of 2016 Legacy Ed "Strangler" Lewis
5%
Class of 2018 Legacy El Santo
5%
Class of 2017 Warrior Award Eric LeGrand
5%
Class of 2016 Legacy George Hackenschmidt
5%
Class of 2008 Kommentator Gordon Solie
5%
Class of 2018 Legacy Hiro Matsuda
5%
Class of 2018 Legacy Jim Londos
5%
Class of 2019 Legacy Joseph Cohen
5%
Class of 2017 Legacy June Byers
5%
Class of 2020 Wrestler Jushin Liger
5%
Class of 2015 Wrestler Larry Zbyszko
5%
Class of 2017 Legacy Martin Burns
5%
Class of 2021 Warrior Award Rich Hering
5%
Class of 2018 Legacy Rufus R. Jones
5%
Class of 2019 Warrior Award Sue Aitchison
5%
Class of 2008 Tag Team The Brisco Brothers
5%
Class of 1996 Tag Team The Valiant Brothers
5%
Class of 2017 Legacy Toots Mondt
5%
Class of 2020 Celebrity William Shatner
5%
Class of 2018 Legacy Cora Combs
4%
Class of 2017 Legacy Haystacks Calhoun
4%
Class of 2018 Warrior Award Jarrius Robertson
4%
Class of 2016 Warrior Award Joan Elise Blunden
4%
Class of 2017 Legacy Judy Grable
4%
Class of 2017 Legacy Luther Lindsay
4%
Class of 2016 Legacy Pat O'Connor
4%
Class of 2017 Legacy Rikidōzan
4%
Class of 2018 Legacy Sputnik Monroe
4%
Class of 2023 Wrestler Keiji Mutoh
3%
Class of 2019 Legacy Hisashi Sinma
1%
Class of 2019 Legacy Professor Toru Tananka
1%
Keine übereinstimmenden Quizze gefunden
Verteilung der Resultate
Anzahl Personen mit jedem Resultat
Perzentil nach korrekt beantworteten Fragen
Ihre Resultats-Entwicklung
Sie haben dieses Quiz seit der letzten Aktualisierung nicht gespielt